000 01104cab a2200253 4500
001 ABS54787
008 090401t1996 xxu||||| |||| 00| 0 eng d
035 _a(Sirsi) u12257
041 _aeng
100 _aNewell, G.
245 4 _aThe inflation-hedging characteristics of Australian commercial property 1984-1995
260 _c1996
350 _a0
490 _aJournal of Property Finance
_v7(1) 1996, 6-20(8)
520 _aExamines the inflation-hedging characteristics of Australian commercial property and property trusts over 1984-1995. Strong evidence of inflation hedging is evident for Australian office, retail and industrial property. After adjusting for differences in market balance using vacancy rates, slightly less evidence of inflation hedging by Australian office property is evident. References. (Journal abstract)
650 _aAUSTRALIA
650 _aPROPERTY-COMMERCIAL PROPERTY
650 _aHEDGING METHODS
650 _aINFLATION
690 _aPROPERTY-PROPERTY FINANCE AND INVESTMENT
690 _aOVERSEAS-REST OF THE WORLD
942 _n0
948 _c04/03/1997
999 _c7846
_d7846